Statistiques concernant Anagrammes villes françaises Série 04

Cliquez ici pour prendre le quiz!

Statistiques générales

  • Ce quiz a été pris 121 fois
  • Le résultat moyen est 5 sur 10

Statistiques - réponses

AnagrammeVille% Correct
andinDinan
86%
basaitBastia
74%
clivaCalvi
72%
ManselLe Mans
66%
rectoCorte
65%
scellerasSarcelles
57%
oblongueBoulogne
32%
ElricCreil
26%
renaisseAsnières
15%
englueraitArgenteuil
5%

Distribution des résultats

Percentile par nombre de réponses

% des personnes avec chaque résultat

Votre développement - résultats

Vous n’avez pas pris ce quiz